000 01991nam a2200241Ia 4500
003 OSt
005 20211104143226.0
008 210310s1967 sp fr 001 0 spa d
040 _aCO-JMCR
_cCO-JMCR
041 1 _aspa
_heng
082 0 4 _a338.9 /
_bR839e
_223
100 1 _aRostow , W.W.
_918086
_eautor
245 1 3 _aLa economía del despegue :
_bhacia el crecimiento autosostenido /
_cW. W Rostow ; versión española de Carlos Muñoz Linares
260 _aMadrid :
_bAlianza Editorial,
_c1967
300 _a527 páginas ;
_c23 cm.
490 0 _aBiblioteca de la ciencia económica
500 _aIncluye notas a pie de página e índice de nombres y de materias. Título original: The economics of take-off into s sustained growth
505 0 _aLos sectores pautadores y el despegue, W.W. Rostow -- Notas sobre el despegue, S. KUZNETS -- La industrialización en los Estados Unidos (1815-60), D.C North -- El despegue en la Gran Bretaña, Phyllis Deane y H. J. Habakkuk -- La actividad del Gobierno y la industrialización en Alemania (1815-70), W, Fischer -- El despegue en Alemania, W. G. Hoffmann -- La hipótesis del despliegue y la experiencia francesa, J. Marc zewski -- El despegue en el Japón (1868-1900), Shigeto Tsuru -- Las primeras fases de la industrialización en Rusia: Consideraciones y reconsideraciones, A. Gerschenkron -- El crecimiento demográfico y la hipótesis del despegue H. Leibenstein -- El progreso tecnico, la función de producción y el desarrollo, H. Leibenstein. -- La estructura agraria y el despegue. M. Boserup -- Agricultura y desarrollo económico, O. G. de Bulhões. -- Formación de capital y despegue, A. K. Cairneross -- Capital social fijo y crecimiento económico, P. H. Cootner. -- Capital extranjero y despegue, E. K. Berrill -- Actas resumidas de los debates, D. C. Hague
650 1 4 _aDesarrollo economico
_918088
650 2 4 _aIndustrialización
_937399
700 1 _aMuñoz Linares, Carlos,
_etraductor
_941415
942 _2ddc
_cBK
999 _c8719
_d8719